LIBRARY & INFORMATION CENTRE, KCAET, TAVANUR

ONLINE PUBLIC ACCESS CATALOGUE (OPAC)

Bhoomi / (Record no. 6557)

MARC details
000 -LEADER
fixed length control field 00287cam a2200133ua 4500
041 ## - LANGUAGE CODE
Language code of text/sound track or separate title mal
082 ## - DEWEY DECIMAL CLASSIFICATION NUMBER
Classification number 894.812 308
Item number ZOL/BH
100 ## - MAIN ENTRY--AUTHOR NAME
Personal name Zola, Emily .
245 ## - TITLE STATEMENT
Title Bhoomi /
300 ## - PHYSICAL DESCRIPTION
Number of Pages 408 ; .
942 ## - ADDED ENTRY ELEMENTS (KOHA)
Koha item type Books
Holdings
Withdrawn status Lost status Damaged status Home library Current library Date acquired Full call number Accession Number Koha item type Public note
Withdrawn   Damaged KAUAET KAUAET 06/02/2021 894.812 308 ZOL/BH 8480 Books  
Withdrawn     KAUAET Malayalam University 07/04/2012 894.812 308 8479 Books Transferred to Malayalam University
free website counter